000 00978nam a2200253 a 4500
001 40052
003 BD-RjUL
005 20211209053127.0
008 160421s2003 bfga|||| |||| 00| 0|ben d
020 _a9845550339
_c: Tk. 350.00
035 _a(BD-RjUL)40167
040 _aBD-RjUL
_bben
_cBD-RjUL
041 _aben
082 _223
_a709.2
_bISA 2003
100 _aইসলাম, নজরুল
_9123346
245 1 0 _aআবদুর রাজ্জাক = Abdur Razzaque /
_cনজরুল ইসলাম
260 _aঢাকা :
_bবাংলাদেশ শিল্পকলা একাডেমী,
_c২০০৩
300 _a৩৭ পৃ. ৬৬ প্লেট :
_bচিত্র ;
_c২৯ সেমি
490 _aArt of Bangladesh
_v7
500 _aজীবন বৃত্তান্ত সংযুক্ত
650 _aচিত্রশিল্পী
_xজীবনী
_9121835
650 _aPainters
_xBiography
_9121836
942 _2ddc
_cBK
999 _c40052
_d40052